Boston Celtics Leaders Per Year - Statistics

General Stats
  • This quiz has been taken 7,747 times
    248 since last reset
  • The average score is 27 of 73
Answer Stats
Player % Correct
Jaylen Brown
99%
Jayson Tatum
99%
Dee Brown
98%
Larry Bird
94%
Bill Russell
93%
Kevin Garnett
93%
Paul Pierce
92%
Derrick White
91%
Jo Jo White
90%
Kristaps Porziņģis
83%
Rajon Rondo
82%
Bob Cousy
80%
Kevin McHale
80%
Isaiah Thomas
79%
John Havlicek
79%
Al Horford
77%
Kyrie Irving
77%
Robert Parish
73%
Marcus Smart
68%
Neemias Queta
66%
Antoine Walker
59%
Robert Williams
59%
K.C. Jones
58%
Sam Jones
58%
Amir Johnson
54%
Dave Cowens
54%
Dennis Johnson
54%
Kendrick Perkins
51%
Tom Heinsohn
40%
Jeff Green
37%
Shaquille O'Neal
36%
Bill Sharman
32%
Cedric Maxwell
32%
Danny Ainge
31%
Reggie Lewis
29%
Tiny Archibald
27%
Tristan Thompson
24%
Daniel Theis
23%
Ricky Davis
22%
Ed Macauley
21%
Jae Crowder
20%
Dominique Wilkins
17%
Gary Payton
16%
Jared Sullinger
16%
Dino Radja
15%
Al Jefferson
13%
Enes Kanter
12%
Kenny Anderson
11%
Chauncey Billups
10%
Delonte West
10%
Rick Fox
9%
Tony Battie
9%
Chris Ford
8%
Evan Turner
8%
Sherman Douglas
6%
Charlie Scott
5%
Raef LaFrentz
5%
Bob Harris
4%
Brian Shaw
4%
Connie Simmons
4%
Ed Sadowski
4%
David Wesley
3%
Greg Stiemsma
3%
Jack Nichols
3%
Kris Humphries
3%
Mark Blount
3%
Travis Knight
3%
Kermit Washington
2%
Marvin Barnes
2%
George Kaftan
1%
Jim Seminoff
1%
Bob Kinney
0%
Jack Garfinkel
0%
No matching quizzes found
Score Distribution
Percent of People with Each Score
Percentile by Number Answered
Your Score History
You have not taken this quiz since the last reset